Inés del alma mía / (Registro nro. 14049)

Detalles MARC
000 -LIDER
fixed length control field 00788cam a22002534a 4500
003 - IDENTIFICACDOR DE NÚMERO DE CONTROL
control field DO-SdBNP
005 - DATE AND TIME OF LATEST TRANSACTION
control field 20220228120353.0
008 - ELEMENTOS DE LONGITUD FIJA
fixed length control field 060925s2007 sp ab 000 1 spa
020 ## - ISBN
International Standard Book Number 9789707809017
040 ## - FUENTE DE CATALOGACIÓN
Agencia que crea de manera original el registro BPMSU
Idioma de catalogación spa
Agencia que realiza la transcripción BPMSU
Agencia que realiza la modificación
082 ## - NÚMERO DE CLASIFICACIÓN DECIMAL DE DEWEY
Classification number Ch863.44
Item number A432I 2007
Edition number 22
100 1# - ASIENTO PRINCIPAL -- NOMBRE PERSONAL
Nombre personal Allende, Isabel.
245 10 - MENCIÓN DE TITULO
Título Inés del alma mía /
Mención de responsabilidad Isabel Allende.
260 ## - PUBLICACIÓN, DISTRIBUCIÓN, ETC. (PIE DE IMPRENTA)
Lugar de publicación, distribución, etc México :
Nombre del editor, distribuidor, etc. Ingramex,
Fecha de publicación, distribución, etc 2007
300 ## - DESCRIPCIÓN FÍSICA
Extensión 366 p. :
Otros detalles físicos ill., 1 map ;
Dimensiones 26 cm.
490 0# - MENCIÓN DE SERIES
Mención de serie Areté
600 10 - ENCABEZAMIENTO DE MATERIA--NOMBRE PERSONAL
Nombre personal Suárez, Inés,
Fechas asociadas con el nombre 1507-1580.
Subdivisión de forma Ficción
650 #4 - ENCABEZAMIENTO DE MATERIA--TEMÁTICO
Término temático o nombre geográfico como elemento de entrada Literatura chilena
650 #4 - ENCABEZAMIENTO DE MATERIA--TEMÁTICO
Término temático o nombre geográfico como elemento de entrada Novela chilena
650 #4 - ENCABEZAMIENTO DE MATERIA--TEMÁTICO
Término temático o nombre geográfico como elemento de entrada Novela histórica chilena
856 42 - UBICACIÓN ELECTRÓNICA Y ACCESO
Materiales especificados Publisher description
Identificador Uniforme del Recurso (“URI”) http://www.loc.gov/catdir/enhancements/fy1402/2007354197-d.html
910 ## - VALIDACIÓN
Validación VMateo
942 ## - ADDED ENTRY ELEMENTS (KOHA)
Source of classification or shelving scheme Dewey Decimal Classification
Koha item type Libros
Existencias
Withdrawn status Lost status Source of classification or shelving scheme Damaged status Not for loan Collection code Home library Current library Date acquired Full call number Barcode Date last seen Price effective from Koha item type
    Dewey Decimal Classification     Colección Dominicana Biblioteca Pública Metropolitana Salomé Ureña Biblioteca Pública Metropolitana Salomé Ureña 02/28/2022 BPMSU CG Ch863.44 A432I 2007 BPMSU22020059 02/28/2022 02/28/2022 Libros